Alle Pokémon von "Rocko" - Statistiken

Allgemein
  • Dieses Quiz wurde 45 mal gespielt
  • Das Durchschnittsergebnis liegt bei 13 aus 26
Antwortstatistiken
Attacken
(falls bekannt)
Pokémon % Korrekt
Geowurf / TackleSchaufler / Megahieb Sandsturm / Gyroball Kleinstein
100%
Tackle / KlammergriffSchaufler / Steinwurf Sandsturm Onix
97%
Superschall Zubat
85%
Wirbelwind Golbat
79%
Ultraschall / Flügelschlag Iksbat
76%
Explosion / TurbodreherStachler Forstellka
70%
Flammenwurf / FeuerwirbelRuckzuckhieb Vulpix
70%
Slam / EisenschweifFeuerodem / Gyroball Steinkante / Katapult Stahlos
67%
Geheimpower / Weichei Chaneira
61%
Tackle / Finale Tannza
61%
Pfund Wonneira
58%
Gifthieb / GiftstachelDurchbruch Glibunkel
55%
Bodycheck / MimikryHammerarm / Fußkick Mogelbaum
55%
Trugträne / DreschflegelFinte / Risikotackle Mobai
42%
Zauberschein / Megahieb Heiteira
39%
Aquaknarre Loturzel
39%
Taumeltanz / Rasierblatt Kappalores
36%
Aquaknarre / Tackle Hydropi
33%
Kugelsaat Lombrero
33%
Lehmschuss / Schutzschild Moorabbel
30%
Vulnona
27%
Lockduft Curelei
12%
Selfe
12%
Magnetilo
9%
Impergator
6%
Tauros
6%
Keine übereinstimmenden Quizze gefunden
Verteilung der Resultate
Anzahl Personen mit jedem Resultat
Perzentil nach korrekt beantworteten Fragen
Ihre Resultats-Entwicklung
Sie haben dieses Quiz noch nicht gespielt